[Event "Mostoles op 12th"]
[Site "Mostoles"]
[Date "2023.07.27"]
[Round "5"]
[White "Camarero Izquierdo, Juan Carlos"]
[Black "Fernandez Rodriguez, Juan"]
[Result "1-0"]
[WhiteElo "1739"]
[BlackElo "1600"]
[PlyCount "49"]
[EventDate "2023.07.23"]
[EventType "swiss"]
[EventRounds "8"]
[EventCountry "ESP"]
[SourceTitle "CBM 215 Extra"]
[Source "ChessBase"]
[SourceDate "2023.09.30"]
[SourceVersion "1"]
[SourceVersionDate "2023.09.30"]
[SourceQuality "1"]

1. d4 d5 2. Nc3 Nf6 3. Bg5 Nbd7 4. Bxf6 Nxf6 5. f3 Bf5 6. g4 Bg6 7. h4 h6 8. e3 Qd6 9. Nge2 0-0-0 10. Nf4 e5 11. Nxg6 fxg6 12. Rg1 exd4 13. Qxd4 c5 14. Qa4 Qb6 15. 0-0-0 d4 16. Nb5 a6 17. Na3 dxe3 18. Rxd8+ Qxd8 19. Bd3 g5 20. Rd1 Qc7 21. Bxa6 Be7 22. Nb5 Qf4 23. Bxb7+ Kxb7 24. Qa7+ Kc8 25. Qa8+ 1-0

[Event "Mostoles op 11th"]
[Site "Mostoles"]
[Date "2022.07.22"]
[Round "6"]
[White "Garcia Varea, Benjamin"]
[Black "Fernandez Rodriguez, Juan"]
[Result "0-1"]
[WhiteElo "1482"]
[BlackElo "1558"]
[PlyCount "66"]
[EventDate "2022.07.17"]
[EventType "swiss"]
[EventRounds "9"]
[EventCountry "ESP"]
[SourceTitle "EXT 2024"]
[Source "ChessBase"]
[SourceDate "2023.10.10"]
[SourceVersion "1"]
[SourceVersionDate "2023.10.10"]
[SourceQuality "1"]

1. e4 e6 2. d4 d5 3. Bd3 Nf6 4. e5 Nfd7 5. Ne2 c5 6. c3 cxd4 7. cxd4 Bb4+ 8. Nbc3 0-0 9. 0-0 a6 10. a3 Be7 11. f4 b5 12. Be3 Nb6 13. b3 f5 14. exf6 Bxf6 15. Rc1 Qd6 16. Nb1 Bb7 17. Rf3 N8d7 18. Qc2 g6 19. Bxg6 hxg6 20. Qxg6+ Bg7 21. Rh3 Nf6 22. f5 exf5 23. Bf4 Qe6 24. Re3 Qf7 25. Qxf5 Rac8 26. Re1 Nh5 27. Qxf7+ Rxf7 28. Be5 Bxe5 29. dxe5 Nf4 30. Nd4 Rg7 31. g3 Nh3+ 32. Kg2 Ng5 33. Nf5 d4+ 0-1